Alle Gemeinden in Esslingen am Neckar - Statistiken

Allgemein
  • Dieses Quiz wurde 48 mal gespielt
  • Das Durchschnittsergebnis liegt bei 21 aus 44
Antworten auf der Karte
Die Antworten werden auf der Karte rot bzw. grün angezeigt, abhängig davon wie oft sie richtig erraten wurden.
 
Antwortstatistiken
Landkreis Bevölkerung Gemeinde % Korrekt
Esslingen 92.722 Esslingen am Neckar
97%
Esslingen 39.431 Ostfildern
80%
Esslingen 14.490 Plochingen
73%
Esslingen 6.169 Altbach
70%
Esslingen 41.154 Nürtingen
70%
Esslingen 45.958 Filderstadt
67%
Esslingen 40.774 Kirchheim unter Teck
67%
Esslingen 16.173 Wendlingen am Neckar
67%
Esslingen 40.161 Leinfelden-Echterdingen
63%
Esslingen 11.971 Neuhausen auf den Fildern
63%
Esslingen 12.275 Wernau (Neckar)
63%
Esslingen 9.780 Köngen
60%
Esslingen 9.916 Aichtal
57%
Esslingen 11.207 Denkendorf
57%
Esslingen 6.412 Neckartenzlingen
57%
Esslingen 6.247 Neuffen
57%
Esslingen 6.362 Wolfschlugen
57%
Esslingen 7.597 Aichwald
53%
Esslingen 6.906 Deizisau
53%
Esslingen 3.382 Owen
53%
Esslingen 10.351 Weilheim an der Teck
53%
Esslingen 8.246 Lenningen
47%
Esslingen 3.880 Neckartailfingen
47%
Esslingen 5.583 Oberboihingen
47%
Esslingen 8.378 Reichenbach an der Fils
47%
Esslingen 5.753 Baltmannsweiler
43%
Esslingen 3.482 Bempflingen
43%
Esslingen 3.679 Beuren
40%
Esslingen 6.122 Dettingen unter Teck
40%
Esslingen 2.187 Erkenbrechtsweiler
40%
Esslingen 9.206 Frickenhausen
40%
Esslingen 4.921 Unterensingen
40%
Esslingen 1.689 Altdorf
37%
Esslingen 4.411 Großbettlingen
37%
Esslingen 3.420 Bissingen an der Teck
33%
Esslingen 4.754 Hochdorf
33%
Esslingen 2.345 Kohlberg
33%
Esslingen 3.623 Notzingen
33%
Esslingen 2.001 Altenriet
27%
Esslingen 1.957 Schlaitdorf
27%
Esslingen 1.802 Neidlingen
20%
Esslingen 1.734 Ohmden
17%
Esslingen 2.312 Holzmaden
13%
Esslingen 2.694 Lichtenwald
13%
Keine übereinstimmenden Quizze gefunden
Verteilung der Resultate
Anzahl Personen mit jedem Resultat
Perzentil nach korrekt beantworteten Fragen
Ihre Resultats-Entwicklung
Sie haben dieses Quiz noch nicht gespielt